|
|
|
|
| LEADER |
01635nam a2200433 4500 |
| 001 |
ocn861528441 |
| 003 |
OCoLC |
| 005 |
20180501122013.0 |
| 006 |
m o d |
| 007 |
cr cn||||||||| |
| 008 |
130919s2013 enkad ob 001 0 eng d |
| 040 |
|
|
|a E7B
|b eng
|e rda
|e pn
|c E7B
|d N$T
|d YDXCP
|d UIU
|d OCLCF
|d OCLCQ
|d CNCGM
|d GrThAP
|
| 019 |
|
|
|a 987665529
|
| 020 |
|
|
|a 9780444626547
|q (electronic bk.)
|
| 020 |
|
|
|a 0444626549
|q (electronic bk.)
|
| 020 |
|
|
|a 9780444626448
|
| 035 |
|
|
|a (OCoLC)861528441
|z (OCoLC)987665529
|
| 050 |
|
4 |
|a QC355.3
|b .P76 2013eb
|
| 072 |
|
7 |
|a SCI
|x 053000
|2 bisacsh
|
| 082 |
0 |
4 |
|a 535/.05
|
| 049 |
|
|
|a TEFA
|
| 245 |
0 |
0 |
|a Progress in optics.
|n Volume fifty eight /
|c edited by E. Wolf ; contributors, Timothy Bunning [and fourteen others].
|
| 250 |
|
|
|a First edition.
|
| 264 |
|
1 |
|a Kidlington, Oxford :
|b Elsevier,
|c 2013.
|
| 300 |
|
|
|a 1 online resource (385 pages) :
|b illustrations (some color).
|
| 336 |
|
|
|a text
|b txt
|2 rdacontent
|
| 337 |
|
|
|a computer
|b c
|2 rdamedia
|
| 338 |
|
|
|a online resource
|b cr
|2 rdacarrier
|
| 490 |
1 |
|
|a Progress in optics,
|x 0079-6638 ;
|v volume fifty eight
|
| 504 |
|
|
|a Includes bibliographical references and indexes.
|
| 588 |
0 |
|
|a Online resource; title from PDF title page (ebrary, viewed September 19, 2013).
|
| 650 |
|
0 |
|a Optics.
|
| 650 |
|
7 |
|a SCIENCE
|x Physics
|x Optics & Light.
|2 bisacsh
|
| 650 |
|
7 |
|a Optics.
|2 fast
|0 (OCoLC)fst01046845
|
| 655 |
|
4 |
|a Electronic books.
|
| 700 |
1 |
|
|a Wolf, E.
|
| 700 |
1 |
|
|a Bunning, Timothy.
|
| 830 |
|
0 |
|a Progress in optics ;
|v v. 58.
|
| 856 |
4 |
0 |
|u https://www.sciencedirect.com/science/bookseries/00796638/58
|z Full Text via HEAL-Link
|